000 00320nam a22001337a 4500
020 _a8170356849
082 _a631.45
_bSHA/SO
100 _aSharma K.K.
_9967
100 _aNav Prem Singh
_9968
245 _aSoil and Orchard Management
260 _aNew delhi
_bDaya Publishing House
_c2011
300 _a377
942 _cBK
999 _c14558
_d14558